Costumbres populares : (Record no. 166070)

MARC details
000 -LEADER
campo de control de longitud fija 00807nam a2200205 i 4500
001 - NÚMERO DE CONTROL
campo de control 166070
003 - IDENTIFICADOR DE NÚMERO DE CONTROL
campo de control ES-MaACL
005 - FECHA Y HORA DE LA ÚLTIMA TRANSACCIÓN
campo de control 20231226174900.0
008 - DATOS DE LONGITUD FIJA--INFORMACIÓN GENERAL
campo de control de longitud fija 050920s1881 sp |||| | spa d
080 ## - NÚMERO DE LA CLASIFICACIÓN DECIMAL UNIVERSAL
Número de la Clasificación Decimal Universal 39(460)
100 1# - ENTRADA PRINCIPAL--NOMBRE DE PERSONA
Nombre de persona Tartilan, Sofía.
9 (RLIN) 109355
245 10 - MENCIÓN DEL TÍTULO
Título Costumbres populares :
Resto del título colección de cuadros tomados del natural /
Mención de responsabilidad, etc. por Sofía Tartilán ; con una carta-prólogo del Excmo. Señor D. Ramón de Mesonero Romanos.
250 ## - MENCION DE EDICION
Mención de edición 3ª ed. corr. y aum.
260 ## - PUBLICACIÓN, DISTRIBUCIÓN, ETC.
Lugar de publicación, distribución, etc. Madrid :
Nombre del editor, distribuidor, etc. [s.n.],
Fecha de publicación, distribución, etc. 1881 (
Fabricante Estab. Tip. de M. Minuesa)
300 ## - DESCRIPCIÓN FÍSICA
Extensión XI, 286 p. ;
Dimensiones 19 cm.
651 #4 - PUNTO DE ACCESO ADICIONAL DE MATERIA--NOMBRE GEOGRÁFICO
Nombre geográfico España-
Subdivisión general Usos y costumbres-
Subdivisión cronológica S.XIX.
9 (RLIN) 8521
700 1# - ENTRADA AGREGADA--NOMBRE PERSONAL
Nombre de persona Mesonero Romanos, Ramón de,
Fechas asociadas al nombre 1803-1882
9 (RLIN) 80672
852 ## - LOCALIZACIÓN
Ubicación ES-MaACL
Número de control de estantería G-13481
Nota libre - Enc. hol., conservando la enc. original
Holdings
Estatus retirado Estado de pérdida Estado de daño No para préstamo Colección Biblioteca de origen Biblioteca actual Ubicación en estantería Fecha de adquisición Fuente de adquisición Total de préstamos Signatura topográfica completa Código de barras Visto por última vez Precio de reemplazo Tipo de ítem Koha
        Libros del s. XIX Biblioteca del Ateneo de Madrid Biblioteca del Ateneo de Madrid Sala Pecera Planta 3 17/01/2008     G-13481 1174164 23/02/2023 23/02/2023 Libro impreso antiguo